[Event "IMP Mezczyzn do lat 20"]
[Site "Chotowa"]
[Date "2023.10.31"]
[Round "3.13"]
[White "Czernek, Tymon"]
[Black "Mikula, Maciej"]
[Result "1-0"]
[BlackElo "1936"]
[WhiteElo "2329"]
[LiveChessVersion "1.4.8"]

1. e4 {[%clk 1:30:57]} c5 {[%clk 1:30:25]} 2. Nf3 {[%clk 1:31:22]} g6
{[%clk 1:30:43]} 3. d4 {[%clk 1:31:26]} cxd4 {[%clk 1:30:48]} 4. Nxd4
{[%clk 1:31:53]} Bg7 {[%clk 1:30:59]} 5. c4 {[%clk 1:31:52]} Nc6 {[%clk 1:30:00]}
6. Be3 {[%clk 1:31:15]} Nf6 {[%clk 1:27:12]} 7. Nc3 {[%clk 1:31:21]} Ng4
{[%clk 1:21:55]} 8. Qxg4 {[%clk 1:25:35]} Nxd4 {[%clk 1:22:01]} 9. Qd1
{[%clk 1:25:27]} Ne6 {[%clk 1:22:24]} 10. Qd2 {[%clk 1:24:04]} Qa5
{[%clk 1:19:49]} 11. Be2 {[%clk 1:20:25]} d6 {[%clk 1:16:47]} 12. O-O
{[%clk 1:19:36]} O-O {[%clk 1:09:17]} 13. Nd5 {[%clk 1:17:37]} Qd8
{[%clk 1:08:23]} 14. f4 {[%clk 1:17:03]} b6 {[%clk 1:06:14]} 15. Bf3
{[%clk 1:15:15]} Bb7 {[%clk 1:05:17]} 16. Rad1 {[%clk 1:14:41]} Rc8
{[%clk 0:55:38]} 17. b3 {[%clk 1:14:15]} Nc5 {[%clk 0:55:03]} 18. Bd4
{[%clk 1:11:12]} Bxd4+ {[%clk 0:41:16]} 19. Qxd4 {[%clk 1:11:39]} Bxd5
{[%clk 0:41:33]} 20. Qxd5 {[%clk 1:09:49]} a5 {[%clk 0:40:21]} 21. Bg4
{[%clk 1:06:21]} Rb8 {[%clk 0:37:17]} 22. e5 {[%clk 1:02:42]} dxe5
{[%clk 0:34:20]} 23. Qxe5 {[%clk 1:03:04]} Qe8 {[%clk 0:34:42]} 24. f5
{[%clk 1:01:38]} Nd7 {[%clk 0:31:46]} 25. Qf4 {[%clk 1:01:35]} Nf6
{[%clk 0:31:38]} 26. fxg6 {[%clk 1:01:51]} hxg6 {[%clk 0:31:50]} 27. Bf3
{[%clk 1:02:10]} Qc8 {[%clk 0:31:16]} 28. Kh1 {[%clk 0:59:37]} Kg7
{[%clk 0:28:30]} 29. g4 {[%clk 0:57:57]} Qc5 {[%clk 0:13:11]} 30. g5
{[%clk 0:57:27]} Nh7 {[%clk 0:13:09]} 31. Rd5 {[%clk 0:57:38]} Qc8
{[%clk 0:12:14]} 32. Qe5+ {[%clk 0:57:29]} f6 {[%clk 0:12:07]} 33. Qxe7+
{[%clk 0:56:26]} Rf7 {[%clk 0:12:32]} 34. gxf6+ {[%clk 0:55:47]} Nxf6
{[%clk 0:12:51]} 35. Qe5 {[%clk 0:56:15]} Qe8 {[%clk 0:08:25]} 36. Qd4
{[%clk 0:56:24]} Qe7 {[%clk 0:04:20]} 37. Bg2 {[%clk 0:56:20]} Re8
{[%clk 0:04:36]} 38. Rd6 {[%clk 0:55:22]} Qe5 {[%clk 0:03:02]} 39. Qxb6
{[%clk 0:52:36]} Rh8 {[%clk 0:03:12]} 40. h3 {[%clk 1:20:43]} g5 {[%clk 0:31:25]}
41. Re6 {[%clk 1:17:09]} Qc3 {[%clk 0:26:25]} 42. Re3 {[%clk 1:16:04]} Qb2
{[%clk 0:25:57]} 43. Qxa5 {[%clk 1:15:17]} Rh5 {[%clk 0:22:32]} 44. Qe5
{[%clk 1:15:33]} Qxa2 {[%clk 0:21:32]} 45. Rf5 {[%clk 1:12:53]} Kg6
{[%clk 0:20:12]} 46. Rxf6+ {[%clk 1:11:49]} Rxf6 {[%clk 0:20:17]} 47. Qe8+
{[%clk 1:12:17]} Rf7 {[%clk 0:18:05]} 48. Qg8+ {[%clk 1:12:41]} Rg7
{[%clk 0:18:17]} 49. Qe6+ {[%clk 1:12:38]} Kh7 {[%clk 0:18:32]} 50. Be4+
{[%clk 1:13:04]} Kh8 {[%clk 0:18:51]} 51. Qe8+ {[%clk 1:13:30]} Rg8
{[%clk 0:18:53]} 52. Qxh5+ {[%clk 1:13:55]} Kg7 {[%clk 0:19:19]} 53. Qg6+
{[%clk 1:14:21]} Kh8 {[%clk 0:19:45]} 54. Qh6# 1-0

[Event "IMP Mezczyzn do lat 20"]
[Site "Chotowa"]
[Date "2023.10.31"]
[Round "3.14"]
[White "Pancewicz, Szymon"]
[Black "Zielonka, Adam"]
[Result "1/2-1/2"]
[BlackElo "2059"]
[WhiteElo "1853"]
[LiveChessVersion "1.4.8"]

1. d4 {[%clk 1:30:20]} Nf6 {[%clk 1:30:52]} 2. c4 {[%clk 1:30:26]} e6
{[%clk 1:31:16]} 3. Nf3 {[%clk 1:30:45]} Bb4+ {[%clk 1:31:38]} 4. Bd2
{[%clk 1:31:02]} Qe7 {[%clk 1:32:03]} 5. e3 {[%clk 1:30:52]} Bxd2+
{[%clk 1:31:39]} 6. Qxd2 {[%clk 1:30:08]} d6 {[%clk 1:31:20]} 7. Nc3
{[%clk 1:27:26]} O-O {[%clk 1:30:53]} 8. Bd3 {[%clk 1:23:41]} e5 {[%clk 1:30:27]}
9. Bc2 {[%clk 1:23:08]} Bg4 {[%clk 1:28:13]} 10. d5 {[%clk 1:18:13]} Nbd7
{[%clk 1:22:01]} 11. Ng1 {[%clk 1:12:21]} Nb6 {[%clk 1:20:47]} 12. b3
{[%clk 1:10:02]} c6 {[%clk 1:18:34]} 13. f3 {[%clk 1:05:14]} Bd7 {[%clk 1:18:23]}
14. Nge2 {[%clk 1:03:23]} a5 {[%clk 1:15:59]} 15. O-O {[%clk 0:59:34]} a4
{[%clk 1:14:49]} 16. Qd3 {[%clk 0:57:46]} axb3 {[%clk 1:13:49]} 17. axb3
{[%clk 0:56:52]} Rxa1 {[%clk 1:13:18]} 18. Rxa1 {[%clk 0:57:05]} Ra8
{[%clk 1:13:35]} 19. Rxa8+ {[%clk 0:52:54]} Nxa8 {[%clk 1:14:03]} 20. dxc6
{[%clk 0:51:51]} Bxc6 21. Ng3 {[%clk 0:43:12]} g6 {[%clk 1:12:08]} 22. Nge4
{[%clk 0:37:04]} Nxe4 {[%clk 1:11:50]} 23. Nxe4 {[%clk 0:37:32]} Bxe4
{[%clk 1:11:57]} 24. Qxe4 {[%clk 0:37:24]} Nb6 {[%clk 1:11:23]} 25. Kf2
{[%clk 0:34:07]} Qc7 {[%clk 1:05:31]} 26. g4 {[%clk 0:30:19]} Qc6
{[%clk 1:01:56]} 27. h4 {[%clk 0:28:20]} Nd7 {[%clk 0:59:07]} 28. Qxc6
{[%clk 0:23:55]} bxc6 {[%clk 0:59:36]} 29. b4 {[%clk 0:24:00]} h6
{[%clk 0:55:30]} 30. Ba4 {[%clk 0:17:35]} Nb8 {[%clk 0:53:47]} 31. g5
{[%clk 0:16:01]} hxg5 {[%clk 0:53:10]} 32. hxg5 {[%clk 0:16:29]} Kf8
{[%clk 0:50:16]} 33. f4 {[%clk 0:12:30]} exf4 {[%clk 0:44:11]} 34. exf4
{[%clk 0:12:51]} Ke7 {[%clk 0:43:03]} 35. Ke3 {[%clk 0:10:57]} Na6
{[%clk 0:38:28]} 36. b5 {[%clk 0:07:37]} Nc5 {[%clk 0:38:31]} 37. Bd1
{[%clk 0:05:18]} d5 {[%clk 0:36:29]} 38. Be2 {[%clk 0:01:40]} dxc4
{[%clk 0:33:58]} 39. Bxc4 {[%clk 0:00:45]} cxb5 {[%clk 0:34:14]} 1/2-1/2

[Event "IMP Mezczyzn do lat 20"]
[Site "Chotowa"]
[Date "2023.10.31"]
[Round "3.15"]
[White "Suska, Szymon"]
[Black "Mocko, Maciej"]
[Result "1/2-1/2"]
[BlackElo "1862"]
[WhiteElo "2040"]
[LiveChessVersion "1.4.8"]

1. Nf3 {[%clk 1:30:35]} c5 {[%clk 1:30:29]} 2. g3 {[%clk 1:30:23]} Nc6
{[%clk 1:30:50]} 3. Bg2 {[%clk 1:30:50]} d5 {[%clk 1:31:16]} 4. d4
{[%clk 1:31:15]} cxd4 {[%clk 1:31:08]} 5. Nxd4 {[%clk 1:31:37]} e5
{[%clk 1:31:27]} 6. Nxc6 {[%clk 1:32:02]} bxc6 {[%clk 1:31:54]} 7. c4
{[%clk 1:32:24]} Bb4+ {[%clk 1:31:08]} 8. Bd2 {[%clk 1:31:44]} Bxd2+
{[%clk 1:31:17]} 9. Qxd2 {[%clk 1:32:04]} Nf6 {[%clk 1:31:11]} 10. Nc3
{[%clk 1:32:01]} Bb7 {[%clk 1:28:26]} 11. cxd5 {[%clk 1:28:33]} cxd5
{[%clk 1:28:34]} 12. O-O {[%clk 1:28:43]} Qd7 {[%clk 1:23:48]} 13. Qg5
{[%clk 1:26:43]} O-O {[%clk 1:13:20]} 14. Qxe5 {[%clk 1:26:05]} Rfe8
{[%clk 1:13:30]} 15. Qd4 {[%clk 1:26:05]} Qf5 {[%clk 1:11:09]} 16. Rac1
{[%clk 1:23:11]} a6 {[%clk 1:07:44]} 17. e3 {[%clk 1:21:57]} Rad8
{[%clk 1:07:38]} 18. Na4 {[%clk 1:19:38]} Ng4 {[%clk 1:06:33]} 19. Nc5
{[%clk 1:15:10]} Bc8 {[%clk 1:06:53]} 20. Nd3 {[%clk 1:14:32]} Qh5
{[%clk 1:00:22]} 21. h3 {[%clk 1:13:47]} Nf6 {[%clk 0:59:35]} 22. Nf4
{[%clk 1:11:21]} Qh6 {[%clk 0:58:40]} 23. Rc6 {[%clk 1:11:07]} Qg5
{[%clk 0:54:05]} 24. Rfc1 {[%clk 1:09:48]} h5 {[%clk 0:53:48]} 25. h4
{[%clk 1:08:05]} Qf5 {[%clk 0:47:33]} 26. Bh3 {[%clk 1:07:28]} Ng4
{[%clk 0:48:02]} 27. Bxg4 {[%clk 0:56:44]} Qxg4 {[%clk 0:45:15]} 28. Nd3
{[%clk 0:49:41]} Re4 {[%clk 0:36:36]} 29. Qb6 {[%clk 0:47:30]} Rde8
{[%clk 0:35:24]} 30. Nf4 {[%clk 0:43:00]} d4 {[%clk 0:32:53]} 31. R6c4
{[%clk 0:25:29]} dxe3 {[%clk 0:21:56]} 32. Rxe4 {[%clk 0:23:00]} Rxe4
{[%clk 0:21:35]} 33. Qd8+ {[%clk 0:23:04]} Kh7 {[%clk 0:21:44]} 34. Rxc8
{[%clk 0:21:36]} Rxf4 {[%clk 0:21:32]} 35. Qd3+ {[%clk 0:16:42]} Re4
{[%clk 0:20:36]} 36. Rc4 {[%clk 0:10:11]} exf2+ {[%clk 0:20:49]} 37. Kxf2
{[%clk 0:09:14]} Qf5+ {[%clk 0:16:13]} 38. Kg2 {[%clk 0:09:27]} Re5
{[%clk 0:16:02]} 1/2-1/2

[Event "IMP Mezczyzn do lat 20"]
[Site "Chotowa"]
[Date "2023.10.31"]
[Round "3.16"]
[White "Stepinski, Piotr"]
[Black "Boryna, Szymon"]
[Result "1-0"]
[BlackElo "1463"]
[WhiteElo "1991"]
[LiveChessVersion "1.4.8"]

1. e4 {[%clk 1:30:58]} e6 {[%clk 1:30:37]} 2. d4 {[%clk 1:31:25]} d5
{[%clk 1:31:00]} 3. Nd2 {[%clk 1:31:51]} c5 {[%clk 1:31:26]} 4. exd5
{[%clk 1:32:18]} Qxd5 {[%clk 1:31:49]} 5. Ngf3 {[%clk 1:32:42]} cxd4
{[%clk 1:32:15]} 6. Bc4 {[%clk 1:33:01]} Qd7 {[%clk 1:32:41]} 7. O-O
{[%clk 1:33:23]} Nc6 {[%clk 1:32:56]} 8. Nb3 {[%clk 1:33:47]} Nf6
{[%clk 1:33:22]} 9. Nbxd4 {[%clk 1:33:18]} Nxd4 {[%clk 1:33:46]} 10. Qxd4
{[%clk 1:33:28]} Qxd4 {[%clk 1:33:48]} 11. Nxd4 {[%clk 1:33:56]} Bd7
{[%clk 1:34:11]} 12. c3 {[%clk 1:34:05]} Rc8 {[%clk 1:32:25]} 13. Be2
{[%clk 1:34:33]} Bc5 {[%clk 1:31:52]} 14. Rd1 {[%clk 1:34:33]} O-O
{[%clk 1:32:03]} 15. Bf3 {[%clk 1:34:54]} b6 {[%clk 1:28:33]} 16. Nb3
{[%clk 1:34:46]} Bc6 {[%clk 1:26:50]} 17. Bxc6 {[%clk 1:32:26]} Rxc6
{[%clk 1:27:08]} 18. Nxc5 {[%clk 1:28:57]} Rxc5 {[%clk 1:27:14]} 19. Be3
{[%clk 1:29:25]} Rc6 {[%clk 1:25:04]} 20. Rd4 {[%clk 1:28:44]} Nd5
{[%clk 1:24:28]} 21. Rad1 {[%clk 1:28:54]} Rfc8 {[%clk 1:24:22]} 22. Ra4
{[%clk 1:29:04]} R6c7 {[%clk 1:23:14]} 23. Kf1 {[%clk 1:28:02]} Kf8
{[%clk 1:20:35]} 24. Rh4 {[%clk 1:27:43]} h6 {[%clk 1:20:32]} 25. Ke2
{[%clk 1:28:08]} Ke7 {[%clk 1:09:43]} 26. Rg4 {[%clk 1:27:07]} Kf8
{[%clk 1:08:45]} 27. h4 {[%clk 1:26:20]} f6 {[%clk 1:07:35]} 28. Re4
{[%clk 1:23:05]} Kf7 {[%clk 1:07:44]} 29. Red4 {[%clk 1:23:11]} Rc4
{[%clk 1:06:35]} 30. g3 {[%clk 1:23:27]} a6 {[%clk 1:05:06]} 31. Rxc4
{[%clk 1:23:19]} Rxc4 {[%clk 1:04:28]} 32. Rd4 {[%clk 1:23:04]} Rxd4
{[%clk 1:01:55]} 33. Bxd4 {[%clk 1:23:25]} e5 {[%clk 1:02:24]} 34. c4
{[%clk 1:22:04]} Nb4 {[%clk 1:00:39]} 35. a3 {[%clk 1:21:58]} Nc6
{[%clk 0:59:16]} 36. Bxb6 {[%clk 1:21:53]} Ke6 {[%clk 0:59:28]} 37. b4
{[%clk 1:21:33]} Nb8 {[%clk 0:59:21]} 38. Kd3 {[%clk 1:21:49]} g5
{[%clk 0:59:45]} 39. hxg5 {[%clk 1:22:12]} fxg5 {[%clk 1:00:02]} 40. g4
{[%clk 1:52:38]} Kd6 {[%clk 1:30:06]} 41. Bc5+ {[%clk 1:52:59]} Ke6
{[%clk 1:30:06]} 42. Bf8 {[%clk 1:49:38]} Nd7 {[%clk 1:30:18]} 43. Bxh6
{[%clk 1:49:48]} Kf6 {[%clk 1:30:38]} 44. c5 {[%clk 1:50:15]} Nb8
{[%clk 1:29:08]} 45. a4 {[%clk 1:50:00]} Nc6 {[%clk 1:29:11]} 46. b5
{[%clk 1:50:10]} axb5 {[%clk 1:29:32]} 47. axb5 {[%clk 1:50:39]} Nb8
{[%clk 1:29:54]} 48. c6 {[%clk 1:50:57]} 1-0

[Event "IMP Mezczyzn do lat 20"]
[Site "Chotowa"]
[Date "2023.10.31"]
[Round "3.17"]
[White "Labedz, Dawid"]
[Black "Lis, Maksymilian"]
[Result "1/2-1/2"]
[BlackElo "1937"]
[WhiteElo "1579"]
[LiveChessVersion "1.4.8"]

1. e4 {[%clk 1:30:57]} c6 {[%clk 1:29:23]} 2. c4 {[%clk 1:30:50]} d5
{[%clk 1:29:43]} 3. cxd5 {[%clk 1:31:13]} cxd5 {[%clk 1:30:09]} 4. exd5
{[%clk 1:31:33]} Nf6 {[%clk 1:30:30]} 5. Nc3 {[%clk 1:31:56]} Nbd7
{[%clk 1:28:39]} 6. d6 {[%clk 1:25:06]} exd6 {[%clk 1:28:58]} 7. d4
{[%clk 1:24:55]} Be7 {[%clk 1:28:36]} 8. Nf3 {[%clk 1:24:32]} O-O
{[%clk 1:28:53]} 9. Bd3 {[%clk 1:24:05]} Nb6 {[%clk 1:24:26]} 10. h3
{[%clk 1:23:52]} Be6 {[%clk 1:23:52]} 11. O-O {[%clk 1:23:28]} h6
{[%clk 1:24:08]} 12. Bf4 {[%clk 1:22:27]} Rc8 {[%clk 1:21:35]} 13. Rc1
{[%clk 1:21:00]} Nfd5 {[%clk 1:19:13]} 14. Nxd5 {[%clk 1:15:50]} Nxd5
{[%clk 1:19:15]} 15. Bd2 {[%clk 1:15:27]} Rxc1 {[%clk 1:18:14]} 16. Qxc1
{[%clk 1:15:23]} Nf6 {[%clk 1:16:45]} 17. Re1 {[%clk 1:03:38]} Re8
{[%clk 1:14:57]} 18. Bb1 {[%clk 0:45:34]} Bf8 {[%clk 1:06:51]} 19. Qc2
{[%clk 0:42:31]} Bd5 {[%clk 1:06:33]} 20. Rxe8 {[%clk 0:36:26]} Qxe8
{[%clk 1:06:46]} 21. Nh2 {[%clk 0:36:39]} g6 {[%clk 1:03:45]} 22. Qc1
{[%clk 0:34:02]} Qe2 {[%clk 1:00:09]} 23. Nf1 {[%clk 0:31:36]} Ne4
{[%clk 0:59:24]} 24. Qe1 {[%clk 0:31:38]} Qxe1 {[%clk 0:59:28]} 25. Bxe1
{[%clk 0:32:04]} Bg7 {[%clk 0:59:22]} 26. Ne3 {[%clk 0:31:35]} Nf6
{[%clk 0:59:22]} 27. Nxd5 {[%clk 0:25:28]} Nxd5 {[%clk 0:59:47]} 28. Bc3
{[%clk 0:23:14]} Nf4 {[%clk 0:58:42]} 29. Be4 {[%clk 0:21:35]} b6
{[%clk 0:58:59]} 30. Kf1 {[%clk 0:19:57]} Ne6 {[%clk 0:57:55]} 31. d5
{[%clk 0:19:49]} Ng5 {[%clk 0:57:46]} 32. Bc2 {[%clk 0:18:34]} Bxc3
{[%clk 0:57:35]} 33. bxc3 {[%clk 0:19:03]} Kg7 {[%clk 0:57:45]} 34. Ke2
{[%clk 0:18:35]} Kf6 {[%clk 0:58:01]} 35. f4 {[%clk 0:18:51]} Nh7
{[%clk 0:58:24]} 36. Ke3 {[%clk 0:16:21]} Nf8 {[%clk 0:58:46]} 37. Ba4
{[%clk 0:16:43]} g5 {[%clk 0:58:55]} 38. g3 {[%clk 0:16:29]} Ng6 {[%clk 0:58:50]}
39. Bb5 {[%clk 0:14:32]} gxf4+ {[%clk 0:58:25]} 40. gxf4 {[%clk 0:44:52]} Ne7
{[%clk 1:28:18]} 41. Bc4 {[%clk 0:43:32]} Kg6 {[%clk 1:27:10]} 42. Ke4
{[%clk 0:40:30]} Kh5 {[%clk 1:26:29]} 43. Kf3 {[%clk 0:14:26]} Kh4
{[%clk 1:26:09]} 44. Bf1 {[%clk 0:08:30]} Nxd5 {[%clk 1:24:46]} 45. Bc4
{[%clk 0:08:49]} Nxc3 {[%clk 1:25:11]} 46. Bxf7 {[%clk 0:09:08]} d5
{[%clk 1:25:34]} 47. Ke3 {[%clk 0:07:11]} Kxh3 {[%clk 1:23:17]} 48. Kd4
{[%clk 0:04:21]} Ne2+ {[%clk 1:22:59]} 49. Ke5 {[%clk 0:04:32]} Kg4
{[%clk 1:22:08]} 50. Be6+ {[%clk 0:04:14]} Kh5 {[%clk 1:22:18]} 51. Bf7+
{[%clk 0:04:42]} Kh4 {[%clk 1:22:25]} 52. Bxd5 {[%clk 0:04:30]} Kg4
{[%clk 1:21:04]} 53. Be6+ {[%clk 0:04:28]} Kh5 {[%clk 1:20:51]} 54. Bf7+
{[%clk 0:04:32]} Kg4 {[%clk 1:20:49]} 55. Be6+ {[%clk 0:04:45]} Kh5
{[%clk 1:21:07]} 56. Bf7+ {[%clk 0:05:08]} Kg4 {[%clk 1:21:32]} 57. Be6+
{[%clk 0:05:31]} Kh5 {[%clk 1:21:56]} 1/2-1/2

[Event "IMP Mezczyzn do lat 20"]
[Site "Chotowa"]
[Date "2023.10.31"]
[Round "3.18"]
[White "Golecki, Jan"]
[Black "Marciniak, Leonard"]
[Result "0-1"]
[BlackElo "1856"]
[WhiteElo "2183"]
[LiveChessVersion "1.4.8"]

1. e4 {[%clk 1:29:54]} e5 {[%clk 1:30:50]} 2. Nf3 {[%clk 1:29:11]} Nc6
{[%clk 1:31:01]} 3. g3 {[%clk 1:29:34]} Nf6 {[%clk 1:30:56]} 4. d3
{[%clk 1:29:58]} d5 {[%clk 1:31:00]} 5. exd5 {[%clk 1:30:22]} Nxd5
{[%clk 1:31:22]} 6. Bg2 {[%clk 1:30:47]} Be7 {[%clk 1:23:48]} 7. O-O
{[%clk 1:31:06]} O-O {[%clk 1:23:55]} 8. Nbd2 {[%clk 1:29:37]} Re8
{[%clk 1:22:07]} 9. Re1 {[%clk 1:29:56]} Bf8 {[%clk 1:21:23]} 10. c3
{[%clk 1:27:45]} Bf5 {[%clk 1:17:40]} 11. Nc4 {[%clk 1:26:36]} f6
{[%clk 1:14:43]} 12. d4 {[%clk 1:25:21]} b5 {[%clk 1:00:50]} 13. dxe5
{[%clk 1:15:10]} bxc4 {[%clk 0:58:18]} 14. Nh4 {[%clk 1:15:36]} Bd3
{[%clk 0:45:26]} 15. Qf3 {[%clk 1:16:05]} Nce7 {[%clk 0:44:32]} 16. exf6
{[%clk 1:16:25]} Nxf6 {[%clk 0:32:26]} 17. Bg5 {[%clk 1:16:35]} Qd6
{[%clk 0:28:59]} 18. Bxf6 {[%clk 1:05:28]} Qxf6 {[%clk 0:28:37]} 19. Qxf6
{[%clk 1:05:48]} gxf6 {[%clk 0:29:01]} 20. Bxa8 {[%clk 1:06:15]} Rxa8
{[%clk 0:29:25]} 21. Re6 {[%clk 1:05:02]} Kf7 {[%clk 0:29:16]} 22. Ra6
{[%clk 1:04:30]} Nd5 {[%clk 0:27:44]} 23. Nf3 {[%clk 1:03:07]} Bd6
{[%clk 0:20:38]} 24. Ra5 {[%clk 1:02:45]} Ne7 {[%clk 0:18:37]} 25. Nd4
{[%clk 1:01:38]} c6 {[%clk 0:16:03]} 26. b3 {[%clk 0:58:11]} Bc7 {[%clk 0:14:25]}
27. Ra4 {[%clk 0:57:54]} cxb3 {[%clk 0:13:56]} 28. axb3 {[%clk 0:58:12]} Bb6
{[%clk 0:14:10]} 29. Rd1 {[%clk 0:58:38]} Bg6 {[%clk 0:12:44]} 30. Rc4
{[%clk 0:57:18]} Rd8 {[%clk 0:12:31]} 31. Re1 {[%clk 0:57:31]} Rd6
{[%clk 0:11:30]} 32. Kg2 {[%clk 0:47:44]} Bd3 {[%clk 0:11:36]} 33. Ra4
{[%clk 0:48:13]} Nd5 {[%clk 0:11:05]} 34. Rc1 {[%clk 0:48:35]} Be4+
{[%clk 0:08:16]} 35. Nf3 {[%clk 0:48:40]} Ne3+ {[%clk 0:03:41]} 36. fxe3
{[%clk 0:47:21]} Rd2+ {[%clk 0:04:06]} 37. Kh3 {[%clk 0:47:47]} Bxf3
{[%clk 0:04:16]} 38. g4 {[%clk 0:45:18]} Bc7 {[%clk 0:03:39]} 39. Rf4
{[%clk 0:45:23]} Bxf4 {[%clk 0:03:10]} 40. exf4 {[%clk 1:15:51]} Rd1
{[%clk 0:32:49]} 41. Rc2 {[%clk 1:16:11]} Rd3 {[%clk 0:24:22]} 42. Kh4
{[%clk 1:14:56]} Kg6 {[%clk 0:23:16]} 43. b4 {[%clk 1:10:58]} f5 {[%clk 0:20:04]}
44. h3 {[%clk 1:11:19]} Be4 {[%clk 0:20:08]} 0-1

[Event "IMP Mezczyzn do lat 20"]
[Site "Chotowa"]
[Date "2023.10.31"]
[Round "4.1"]
[White "Niedbala, Bartlomiej"]
[Black "Kacprzak, Karol"]
[Result "1/2-1/2"]
[BlackElo "2317"]
[WhiteElo "2400"]
[LiveChessVersion "1.4.8"]

1. e4 {[%clk 1:28:40]} c6 {[%clk 1:29:32]} 2. d4 {[%clk 1:24:55]} d5
{[%clk 1:29:52]} 3. e5 {[%clk 1:25:20]} c5 {[%clk 1:30:15]} 4. Nf3
{[%clk 1:24:52]} cxd4 {[%clk 1:30:19]} 5. Nxd4 {[%clk 1:25:15]} e6
{[%clk 1:30:42]} 6. Nd2 {[%clk 1:24:07]} Nc6 {[%clk 1:28:10]} 7. Nxc6
{[%clk 1:16:30]} bxc6 {[%clk 1:28:36]} 8. Bd3 {[%clk 1:16:53]} Ne7
{[%clk 1:24:44]} 9. O-O {[%clk 1:16:44]} Ng6 {[%clk 1:25:08]} 10. Re1
{[%clk 1:16:53]} Be7 {[%clk 1:18:15]} 11. Qg4 {[%clk 1:15:13]} O-O
{[%clk 1:02:31]} 12. Nf3 {[%clk 1:14:49]} c5 {[%clk 1:02:22]} 13. c3
{[%clk 1:05:39]} Rb8 {[%clk 0:51:47]} 14. Rb1 {[%clk 0:48:39]} Kh8
{[%clk 0:47:31]} 15. Ng5 {[%clk 0:37:17]} Bxg5 {[%clk 0:28:29]} 16. Bxg5
{[%clk 0:37:22]} f6 {[%clk 0:28:54]} 17. exf6 {[%clk 0:27:57]} gxf6
{[%clk 0:29:21]} 18. Bxg6 {[%clk 0:27:55]} fxg5 {[%clk 0:29:27]} 19. Bd3
{[%clk 0:24:59]} Qf6 {[%clk 0:26:18]} 20. Qg3 {[%clk 0:22:45]} Qf4
{[%clk 0:21:18]} 21. Qxf4 {[%clk 0:16:50]} Rxf4 {[%clk 0:21:09]} 22. g3
{[%clk 0:15:51]} Ra4 {[%clk 0:20:12]} 23. a3 {[%clk 0:15:53]} c4 {[%clk 0:19:07]}
24. Bf1 {[%clk 0:14:26]} Kg7 {[%clk 0:18:11]} 25. f4 {[%clk 0:12:36]} gxf4
{[%clk 0:16:17]} 26. gxf4 {[%clk 0:13:04]} Ra6 {[%clk 0:12:09]} 27. b3
{[%clk 0:11:29]} Rxa3 {[%clk 0:11:31]} 28. bxc4 {[%clk 0:11:55]} Rxb1
{[%clk 0:09:41]} 29. Rxb1 {[%clk 0:12:24]} Rxc3 {[%clk 0:09:02]} 30. Ra1
{[%clk 0:10:52]} dxc4 {[%clk 0:05:50]} 31. Rxa7+ {[%clk 0:11:17]} Kf6
{[%clk 0:05:23]} 1/2-1/2

[Event "IMP Mezczyzn do lat 20"]
[Site "Chotowa"]
[Date "2023.10.31"]
[Round "4.2"]
[White "Turski, Bartlomiej"]
[Black "Krawczyk, Flawian"]
[Result "1/2-1/2"]
[BlackElo "2288"]
[WhiteElo "2334"]
[LiveChessVersion "1.4.8"]

1. e4 {[%clk 1:26:56]} c6 {[%clk 1:30:56]} 2. d4 {[%clk 1:27:12]} d5
{[%clk 1:31:23]} 3. f3 {[%clk 1:27:29]} e6 {[%clk 1:31:18]} 4. Nc3
{[%clk 1:27:53]} Bb4 {[%clk 1:31:36]} 5. Bd2 {[%clk 1:27:59]} Nf6
{[%clk 1:15:44]} 6. e5 {[%clk 1:24:50]} Nfd7 {[%clk 1:15:28]} 7. f4
{[%clk 1:21:43]} Be7 {[%clk 1:09:47]} 8. Qg4 {[%clk 1:18:57]} Kf8
{[%clk 1:08:56]} 9. Nf3 {[%clk 1:18:09]} c5 {[%clk 1:04:47]} 10. dxc5
{[%clk 1:15:33]} Nxc5 {[%clk 1:04:25]} 11. O-O-O {[%clk 1:09:51]} Nc6
{[%clk 1:03:27]} 12. Qg3 {[%clk 1:06:04]} Bd7 {[%clk 0:50:16]} 13. Qf2
{[%clk 0:47:56]} Rc8 {[%clk 0:46:39]} 14. Kb1 {[%clk 0:46:46]} a6
{[%clk 0:36:58]} 15. Be3 {[%clk 0:33:21]} Qa5 {[%clk 0:32:31]} 16. Nd4
{[%clk 0:30:19]} Nxd4 {[%clk 0:28:07]} 17. Bxd4 {[%clk 0:29:27]} b5
{[%clk 0:24:29]} 18. Bd3 {[%clk 0:22:22]} b4 {[%clk 0:24:07]} 19. Ne2
{[%clk 0:22:40]} h5 {[%clk 0:17:59]} 20. Bxc5 {[%clk 0:21:44]} Bxc5
{[%clk 0:17:58]} 21. Qf3 {[%clk 0:21:27]} g6 {[%clk 0:16:10]} 22. h3
{[%clk 0:12:58]} h4 23. g4 {[%clk 0:11:23]} hxg3 {[%clk 0:14:45]} 24. h4
{[%clk 0:11:24]} Bb5 {[%clk 0:08:27]} 25. h5 {[%clk 0:10:47]} Bxd3
{[%clk 0:08:49]} 26. Rxd3 {[%clk 0:10:40]} gxh5 {[%clk 0:08:09]} 27. f5
{[%clk 0:10:39]} Ke7 {[%clk 0:07:27]} 28. fxe6 {[%clk 0:06:29]} fxe6
{[%clk 0:07:55]} 29. Qf6+ {[%clk 0:06:48]} Kd7 {[%clk 0:08:24]} 30. Nf4
{[%clk 0:06:57]} Qb6 {[%clk 0:07:40]} 31. Rxg3 {[%clk 0:06:10]} Rce8
{[%clk 0:06:22]} 32. Rg7+ {[%clk 0:01:47]} Kc8 {[%clk 0:06:48]} 33. Qf7
{[%clk 0:00:44]} Re7 {[%clk 0:05:14]} 34. Qf6 {[%clk 0:00:50]} Ree8
{[%clk 0:04:56]} 35. Qf7 {[%clk 0:00:58]} Re7 {[%clk 0:05:21]} 36. Qg6
{[%clk 0:01:23]} Rxg7 {[%clk 0:04:53]} 37. Qxg7 {[%clk 0:01:49]} Rf8
{[%clk 0:05:14]} 38. Nxh5 {[%clk 0:01:47]} Qc7 {[%clk 0:05:33]} 39. Qg5
{[%clk 0:00:57]} Bd4 {[%clk 0:04:42]} 40. Nf4 {[%clk 0:30:37]} 1/2-1/2

[Event "IMP Mezczyzn do lat 20"]
[Site "Chotowa"]
[Date "2023.10.31"]
[Round "4.3"]
[White "Janeczko, Jakub"]
[Black "Koziorowicz, Michal"]
[Result "0-1"]
[BlackElo "2288"]
[WhiteElo "2280"]
[LiveChessVersion "1.4.8"]

1. e4 {[%clk 1:27:51]} e5 {[%clk 1:30:24]} 2. Nf3 {[%clk 1:26:58]} d6
{[%clk 1:30:39]} 3. d4 {[%clk 1:26:17]} Nd7 {[%clk 1:31:04]} 4. Nc3
{[%clk 1:25:08]} Ngf6 {[%clk 1:31:24]} 5. Bc4 {[%clk 1:22:31]} Be7
{[%clk 1:31:43]} 6. O-O {[%clk 1:19:30]} c6 {[%clk 1:32:01]} 7. a4
{[%clk 1:17:45]} Qc7 {[%clk 1:32:25]} 8. Re1 {[%clk 1:13:47]} h6 {[%clk 1:31:40]}
9. b3 {[%clk 1:11:39]} Nf8 {[%clk 1:30:26]} 10. a5 {[%clk 1:08:01]} g5
{[%clk 1:25:34]} 11. a6 {[%clk 0:58:14]} b6 {[%clk 1:22:45]} 12. d5
{[%clk 0:57:18]} b5 {[%clk 1:22:00]} 13. Bf1 {[%clk 0:52:18]} b4 {[%clk 1:22:23]}
14. Na4 {[%clk 0:49:52]} cxd5 {[%clk 1:18:49]} 15. exd5 {[%clk 0:44:36]} Ng6
{[%clk 1:18:36]} 16. Bb5+ {[%clk 0:44:11]} Bd7 {[%clk 1:17:47]} 17. Bxd7+
{[%clk 0:44:01]} Qxd7 {[%clk 1:18:03]} 18. Nd2 {[%clk 0:40:08]} Nf4
{[%clk 1:11:20]} 19. Ne4 {[%clk 0:34:30]} N4xd5 {[%clk 1:09:55]} 20. Qd3
{[%clk 0:32:02]} Kf8 {[%clk 0:55:11]} 21. Bb2 {[%clk 0:31:16]} Qf5
{[%clk 0:48:27]} 22. Rad1 {[%clk 0:29:18]} Nf4 {[%clk 0:45:58]} 23. Qf3
{[%clk 0:26:41]} Nxe4 {[%clk 0:42:47]} 24. Rxe4 {[%clk 0:24:36]} Rc8
{[%clk 0:40:55]} 25. Rxb4 {[%clk 0:21:49]} Rxc2 {[%clk 0:40:43]} 26. Rb7
{[%clk 0:21:35]} g4 {[%clk 0:35:41]} 27. Qe3 {[%clk 0:21:05]} Re2
{[%clk 0:35:53]} 28. Nc3 {[%clk 0:17:26]} Rxe3 {[%clk 0:35:38]} 29. fxe3
{[%clk 0:17:54]} Nh3+ {[%clk 0:34:06]} 30. gxh3 {[%clk 0:18:08]} gxh3
{[%clk 0:34:30]} 31. Rb8+ {[%clk 0:18:31]} Kg7 {[%clk 0:34:55]} 32. Rxh8
{[%clk 0:18:57]} Qc2 {[%clk 0:34:59]} 0-1